La recuperación de la familia: relatos de esperanza y renovación
Na minha lista:
| Principais autores: | , |
|---|---|
| Formato: | Livro |
| Idioma: | espanhol |
| Publicado em: |
Barcelona
Paidós
1994
|
| Edição: | 1a. ed |
| coleção: | Terapia Familiar, 60
|
| Assuntos: | |
| Tags: |
Adicionar Tag
Sem tags, seja o primeiro a adicionar uma tag!
|
MARC
| LEADER | 00000nam a2200000 a 4500 | ||
|---|---|---|---|
| 001 | UCY1826 | ||
| 003 | CL-VaPUC | ||
| 008 | 940922e19940000SP |||||||||||||||||spa|d | ||
| 020 | |a 8449300193 | ||
| 082 | 0 | 4 | |a 616.891 |b MIN |2 21 |
| 100 | |a Minuchin, Salvador |e autor |9 564483 | ||
| 700 | 0 | |a Nichols, Michael P |e author |9 329854 | |
| 245 | 1 | 3 | |a La recuperación de la familia: relatos de esperanza y renovación |
| 250 | |a 1a. ed | ||
| 300 | |a 307 p | ||
| 942 | |c BK | ||
| 945 | |d 19940922 00:00:00 |a rbrito | ||
| 260 | |a Barcelona |b Paidós |c 1994 | ||
| 650 | 7 | |a PSICOTERAPIA |2 CL-VaPUC |9 329855 | |
| 650 | 0 | |a Familias |9 255641 | |
| 650 | 0 | |a Aspectos psicológicos |9 258128 | |
| 583 | |a last modification |c 20160907 09:28:39 |k Rodrigo Vera | ||
| 490 | 0 | |a Terapia Familiar, 60 | |
| 999 | |c 230412 |d 230410 | ||
| 952 | |0 0 |1 0 |4 0 |6 616_891000000000000_MIN_1994 |7 0 |8 A |9 232648 |a BIBGIM |b BIBGIM |d 2019-11-15 |i 3020851 |o 616.891 MIN 1994 |p 3020851 |r 2025-01-15 |w 2019-11-15 |y BK |k SSL | ||
| 952 | |0 0 |1 0 |4 0 |6 616_891000000000000_MIN_1994 |7 0 |8 A |9 232649 |a BIBEDU |b BIBEDU |d 2019-11-15 |i 3094790 |o 616.891 MIN 1994 |p 3094790 |r 2019-11-15 |w 2019-11-15 |y BK |k PSI | ||
| 952 | |0 0 |1 0 |4 0 |6 616_891000000000000_MIN_1994 |7 0 |8 A |9 232650 |a BIBEDU |b BIBEDU |d 2019-11-15 |i 3139905 |o 616.891 MIN 1994 |p 3139905 |r 2019-11-15 |w 2019-11-15 |y BK |k EDU | ||
| 952 | |0 0 |1 0 |4 0 |6 616_891000000000000_MIN_1994 |7 0 |8 A |9 232651 |a BIBEDU |b BIBEDU |d 2019-11-15 |i 4756010 |l 2 |m 1 |o 616.891 MIN 1994 |p 4756010 |r 2022-09-07 |s 2022-08-31 |w 2019-11-15 |y BK |k PSI | ||